000 00664 a2200205 4500
010 _aENG-89449
020 _a8120333277
_c150.00
035 _aEN-72982
037 _bDBAD / PUB
082 1 4 _a658.848
090 _c10950
_d10950
100 1 _aPhadtare, Milind T.
245 1 _aIndustrial marketing/
_cby Milind T. Phadtare
260 _aNew Delhi
_bPrentice-Hall of India
_c2008
270 _aM-97, Connaught Circus,
_bNew Delhi
_cDelhi
_e110001
300 _axv, 175p.
_c21 cm. (Pbk)
500 _aIncludes index.
942 _adpl
_cEN
_k658.848/ PHA
999 _c10648
_d10648